| 000 | 00976nam a2200217Ia 4500 | ||
|---|---|---|---|
| 003 | OSt | ||
| 005 | 20250714153936.0 | ||
| 008 | 210210b2004 xxu||||| |||| 00| 0 eng d | ||
| 020 | _a81 86668 48 9 | ||
| 040 | _cAL | ||
| 041 | _aKannada | ||
| 082 | _aK894.8 KADK | ||
| 100 |
_aKADENGODLU SHANKARABHATTA JANMA SHATAMANOTSAVA SAMITI. _982766 _dಕಡೆಂಗೋಡ್ಲು ಶಂಕರಭಟ್ಟ ಜನ್ಮ ಶತಮಾನೋತ್ಸವ ಸಮಿತಿ. |
||
| 245 |
_aKadengodlu sahitya - II Bhaga: 2; kademgodlu shankarabhatta samagra kadambari samputa. _b ಕಡೆಂಗೋಡ್ಲುಸಾಹಿತ್ಯ -II : ಭಾಗ- ೨ ಕಡೆಂಗೋಡ್ಲು ಶಂಕರಭಟ್ಟ ಸಮಗ್ರ ಕಾದಂಬರಿ ಸಂಪುಟ |
||
| 260 |
_aUdupi _bRashtrakavi Govinda Pai Samshodhana Kendra _c2004 |
||
| 300 | _aviii,1016 | ||
| 650 |
_aLokada kannu ei peelige _982767 |
||
| 690 |
_aKannada Miscellaneous _982768 |
||
| 906 | _a059009 | ||
| 942 |
_2ddc _cBK |
||
| 999 |
_c106274 _d106274 |
||